| 000 | 00575nam a22001937a 4500 | ||
|---|---|---|---|
| 005 | 20180620103040.0 | ||
| 010 | _aENG-123255 | ||
| 020 |
_a9789352610549 _c500.00 |
||
| 035 | _aEN-106787 | ||
| 037 | _bDBAD/PUB | ||
| 082 | _a658.4092 | ||
| 100 | _aJain, Rakesh K. | ||
| 245 |
_aLeaders & ladders/ _cby Rakesh K. Jain [and] Preeti Gupta |
||
| 260 |
_aNew Delhi _bDiamond Books _c2016 |
||
| 270 |
_aX-30, Okhla Industrial Area, Phase- II _bNew Delhi _e110020 |
||
| 300 |
_a323p. _c21cm(Hb) |
||
| 700 | _aGupta, Preeti | ||
| 942 |
_2ddc _cEN _mJAI _h658.4092 |
||
| 999 |
_c152814 _d152814 |
||